00869nam a2200205Ia 4500008004100000082001500041100002300056245006300079250000800142260002500150300001200175500002400187650001200211942000700223952010400230952010400334952010400438952010400542999001700646230524s9999 xx 000 0 und d a658.4bFOR aBehrouz A.Forouzan 0aCryptography and Network Security (Special Indian Edition) aIST aNEW DELHIbTMHc2010 aXXI;709 aQuantity Number: 4 aComp-Sc cBK 00104070aTATCLbTATCLcGENd2023-05-24l0o658.4 FORp37597r2023-05-24w2023-05-24yBKzMBA305A 00104070aTATCLbTATCLcGENd2023-05-24l0o658.4 FORp37598r2023-05-24w2023-05-24yBKzMBA305A 00104070aTATCLbTATCLcGENd2023-05-24l0o658.4 FORp58121r2023-05-24w2023-05-24yBKzMBA305A 00104070aTATCLbTATCLcGENd2023-05-24l0o658.4 FORp58122r2023-05-24w2023-05-24yBKzMBA305A c46721d46721